000 00582nam a2200181 a 4500
001 30603
005 20180713233840.0
008 140415s1993 sp 000 0 spa d
020 _a9243208349
041 _aspa
082 _a614
_bINF
245 0 0 _aCOMITE DE EXPERTOS DE LA OMS EN ESPECIFICACIONES PARA :
_bLAS PREPARACIONES FARMACEUTICAS
250 _a1a ed.
260 _aESPAÑA :
_bORGANIZACION MUNDIAL DE LA SALUD,
_c1993
300 _a30
490 _aINFORMES TECNICOS
_v834
650 1 4 _aCONTROL DE CALIDAD
_xDROGAS
_xINDUSTRIA FARMACEUTICA
_xMEDICAMENTOS
999 _c30603
_d30603